Miasta i wsie w powiecie leskim - Statystyki

Ogólne statystyki
  • Ten quiz został rozwiązany 8 razy
  • Średni wynik to 25 z 70
Statystyki odpowiedzi
Gmina Odpowiedź % Poprawnych
Baligród Baligród
83%
Cisna Cisna
83%
Lesko Lesko
83%
Olszanica Olszanica
83%
Solina Solina
83%
Cisna Buk
67%
Cisna Majdan
67%
Solina Myczków
67%
Solina Polańczyk
67%
Solina Terka
67%
Olszanica Uherce Mineralne
67%
Cisna Wetlina
67%
Solina Bereżnica Wyżna
50%
Solina Bóbrka
50%
Solina Bukowiec
50%
Cisna Dołżyca
50%
Solina Górzanka
50%
Lesko Hoczew
50%
Cisna Kalnica
50%
Solina Myczkowce
50%
Solina Rajskie
50%
Solina Rybne
50%
Solina Sakowczyk
50%
Lesko Średnia Wieś
50%
Solina Werlas
50%
Solina Wołkowyja
50%
Solina Zawóz
50%
Olszanica Zwierzyń
50%
Solina Berezka
33%
Baligród Bystre
33%
Lesko Huzele
33%
Cisna Liszna
33%
Lesko Łukawica
33%
Olszanica Orelec
33%
Solina Polanki
33%
Lesko Postołów
33%
Baligród Rabe
33%
Olszanica Stefkowa
33%
Baligród Stężnica
33%
Cisna Strzebowiska
33%
Solina Wola Górzańska
33%
Solina Wola Matiaszowa
33%
Lesko Bachlawa
17%
Lesko Bezmiechowa Dolna
17%
Lesko Bezmiechowa Górna
17%
Lesko Glinne
17%
Baligród Jabłonki
17%
Lesko Jankowce
17%
Baligród Kielczawa
17%
Cisna Krzywe
17%
Baligród Łubne
17%
Baligród Mchawa
17%
Baligród Nowosiółki
17%
Cisna Przysłup
17%
Baligród Roztoki Dolne
17%
Olszanica Rudenka
17%
Cisna Smerek
17%
Cisna Solinka
17%
Olszanica Wańkowa
17%
Lesko Weremień
17%
Baligród Zahoczewie
17%
Baligród Żerdenka
17%
Cisna Żubracze
17%
Baligród Cisowiec
0%
Lesko Dziurdziów
0%
Cisna Habkowce
0%
Lesko Łączki
0%
Lesko Manasterzec
0%
Olszanica Paszowa
0%
Cisna Roztoki Górne
0%
Nie znaleziono quizów pasujących do podanych kryteriów
Rozkład punktacji
Procent ludzi z każdym wynikiem
Percentyl według liczby udzielonych odpowiedzi
Twoja historia wyników
Nie rozwiązałeś tego quizu